[Event "Junior's U20 RUS Chmp. 2009"]
[Site "Dagomys"]
[Date "2009.04.29"]
[Round "1"]
[White "Lintchevski, Daniil"]
[Black "Popov, Ivan"]
[Result "0-1"]
[WhiteElo "2485"]
[BlackElo "2568"]
[Annotator ""]
[Source ""]
[Remark ""]

1.d4 d5 2.c4 c6 3.Nf3 Nf6 4.e3 Bf5 5.Nc3 a6 6.Qb3 b5 7.c5 a5
8.Ne5 a4 9.Qd1 Ne4 10.Qf3 g6 11.g4 Be6 12.Nxe4 dxe4 13.Qxe4 Bd5
14.Qf4 g5 15.Qf5 f6 16.e4 e6 17.Qf3 fxe5 18.exd5 Qxd5 19.Qxd5
exd5 20.dxe5 Bxc5 21.Bxg5 O-O 22.f4 Be3 23.Bd3 Bxf4 24.Bxh7+
Kxh7 25.Rf1 a3 26.b3 Bxe5 27.Rxf8 Bxa1 28.Bf4 c5 29.Rxb8 Rxb8
30.Bxb8 c4 31.bxc4 b4 0-1

[Event "Junior's U20 RUS Chmp. 2009"]
[Site "Dagomys"]
[Date "2009.04.29"]
[Round "1"]
[White "Rakhmanov, Aleksandr"]
[Black "Andreikin, Dmitry"]
[Result "1/2-1/2"]
[WhiteElo "2543"]
[BlackElo "2485"]
[Annotator ""]
[Source ""]
[Remark ""]

1.d4 Nf6 2.c4 e6 3.Nc3 Bb4 4.e3 O-O 5.Bd3 d5 6.Nge2 dxc4 7.Bxc4
c5 8.O-O Nc6 9.a3 Bxc3 10.bxc3 e5 11.Bb2 Na5 12.Ba2 Be6 13.Bxe6
fxe6 14.a4 Nc4 15.Ba3 Ng4 16.h3 Nxf2 17.Rxf2 Rxf2 18.Kxf2 Qg5
19.Bc1 Rf8+ 20.Kg1 Nxe3 21.Bxe3 Qxe3+ 22.Kh1 exd4 23.cxd4 cxd4
24.Ng1 d3 25.Ra3 Rd8 26.Nf3 e5 27.Qb3+ Kh8 28.Ra1 Qf4 29.Re1
h6 30.Qb2 Qxa4 31.Qd2 e4 32.Qf4 Re8 33.Nd2 Qb4 34.Rxe4 Rxe4 35.Qxe4
Qxe4 36.Nxe4 a5 37.Kg1 a4 38.Kf2 a3 39.Nc3 Kh7 40.Ke3 Kg6 41.Kxd3
Kf5 42.g3 h5 1/2-1/2

[Event "Junior's U20 RUS Chmp. 2009"]
[Site "Dagomys"]
[Date "2009.04.30"]
[Round "2"]
[White "Nepomniachtchi, Ian"]
[Black "Lintchevski, Daniil"]
[Result "1-0"]
[WhiteElo "2624"]
[BlackElo "2485"]
[Annotator ""]
[Source ""]
[Remark ""]

1.e4 e6 2.d4 d5 3.Nc3 Nf6 4.e5 Nfd7 5.Nf3 c5 6.dxc5 Nc6 7.Bf4
Nxc5 8.h4 a6 9.a3 b5 10.h5 h6 11.Rh4 Bb7 12.Bg3 Qb6 13.b4 Nd7
14.Qd2 Qd8 15.Qe3 Nb6 16.Rd1 Ne7 17.Nd4 Nc4 18.Bxc4 bxc4 19.Rg4
Qd7 20.Bh4 Nc6 21.Nce2 Nxd4 22.Nxd4 a5 23.b5 a4 24.Qg3 Rh7 25.Rb1
Rc8 26.c3 Ra8 27.b6 Ra5 28.Rb4 Ra6 29.Kd1 Ra5 30.Kc2 Rc5 31.Kb1
Ra5 32.Ka2 Ra6 33.Rb2 Ra5 34.f4 Qc8 35.Rg6 Qc5 36.Rxe6+ 1-0

[Event "Junior's U20 RUS Chmp. 2009"]
[Site "Dagomys"]
[Date "2009.04.30"]
[Round "2"]
[White "Sjugirov, Sanan"]
[Black "Andreikin, Dmitry"]
[Result "1/2-1/2"]
[WhiteElo "2588"]
[BlackElo "2625"]
[Annotator ""]
[Source ""]
[Remark ""]

1.e4 c5 2.Nf3 g6 3.d4 cxd4 4.Nxd4 Nc6 5.c4 Nf6 6.Nc3 Nxd4 7.Qxd4
d6 8.Be2 Bg7 9.Be3 O-O 10.Qd2 a5 11.O-O a4 12.f3 Qa5 13.Rab1
Be6 14.Rfc1 Rfc8 15.b4 axb3 16.axb3 Qb4 17.Rc2 Nd7 18.Nb5 Qxd2
19.Rxd2 Nc5 20.Bd4 Bd7 21.Bxg7 Kxg7 22.Nd4 e5 23.Nb5 Bxb5 24.cxb5
Ne6 25.Bc4 Nd4 26.Bd5 Rab8 27.b6 Rc5 28.Ra1 Rxd5 29.exd5 Nxb3
30.Rda2 Nxa1 31.Rxa1 Kf6 32.Ra7 Kf5 33.Ra4 Kf6 34.Ra7 Kf5 35.Ra4
Rc8 36.Ra7 Rc5 37.Rxb7 Kf6 38.Rd7 Rxd5 39.Rd8 Rb5 40.Rxd6+ Ke7
41.Rc6 1/2-1/2

[Event "Junior's U20 RUS Chmp. 2009"]
[Site "Dagomys"]
[Date "2009.04.30"]
[Round "2"]
[White "Popov, Ivan"]
[Black "Rakhmanov, Aleksandr"]
[Result "1/2-1/2"]
[WhiteElo "2568"]
[BlackElo "2543"]
[Annotator ""]
[Source ""]
[Remark ""]

1.e4 e5 2.d4 exd4 3.Nf3 Nf6 4.e5 Ne4 5.Qxd4 d5 6.exd6 Nxd6 7.Nc3
Nc6 8.Qf4 Be7 9.Bd3 Be6 10.Be3 Bf6 11.O-O-O Bxc3 12.bxc3 Qf6
13.Qxf6 gxf6 14.Kb1 O-O-O 15.Nd4 Ne5 16.Nxe6 fxe6 17.Be2 Rhg8
18.g3 Ng4 19.Rd4 Nxe3 20.fxe3 f5 21.Bd3 Rg7 22.Rf1 c5 23.Rh4
Rc7 24.c4 Rg8 25.Kc1 Re7 26.e4 fxe4 27.Bxe4 Nxe4 28.Rxe4 Rg5
29.Rf6 Kd7 30.Rh6 Rg6 31.Reh4 Rxh6 32.Rxh6 a6 33.a4 Kc6 34.g4
Kb6 35.h4 Ka5 36.c3 Kxa4 37.Kc2 e5 38.Rb6 e4 39.Rb1 Ka5 40.Kd2
b5 41.cxb5 axb5 42.Ra1+ Kb6 43.g5 b4 44.cxb4 cxb4 45.h5 Kc5 46.g6
hxg6 47.hxg6 Kd4 48.Rg1 e3+ 49.Ke2 Rg7 50.Rg3 b3 51.Rxe3 Kc4
52.Kd2 Rxg6 53.Kc1 Kb4 54.Re8 1/2-1/2

[Event "Junior's U20 RUS Chmp. 2009"]
[Site "Dagomys"]
[Date "2009.05.01"]
[Round "3"]
[White "Andreikin, Dmitry"]
[Black "Popov, Ivan"]
[Result "1/2-1/2"]
[WhiteElo "2625"]
[BlackElo "2568"]
[Annotator ""]
[Source ""]
[Remark ""]

1.e4 e5 2.Nf3 Nc6 3.Bb5 f5 4.Nc3 fxe4 5.Nxe4 Nf6 6.Qe2 d5 7.Nxf6+
gxf6 8.d4 Bg7 9.dxe5 O-O 10.e6 Re8 11.Be3 Bxe6 12.O-O-O a6 13.Bxc6
bxc6 14.Qd2 Bf7 15.Qc3 Qd7 16.Nd4 Re4 17.Qxc6 Qxc6 18.Nxc6 Rae8
19.a3 f5 20.g3 Bh5 21.Rd3 Be2 22.Rd2 Bf3 23.Rf1 R8e6 24.Nd8 Re8
25.Nc6 R8e6 26.Nd4 Bxd4 27.Rxd4 Rxd4 28.Bxd4 Re2 29.Rd1 Be4 30.Rd2
Re1+ 31.Rd1 Re2 32.Rd2 Re1+ 33.Rd1 1/2-1/2

[Event "Junior's U20 RUS Chmp. 2009"]
[Site "Dagomys"]
[Date "2009.05.01"]
[Round "3"]
[White "Rakhmanov, Aleksandr"]
[Black "Nepomniachtchi, Ian"]
[Result "1/2-1/2"]
[WhiteElo "2543"]
[BlackElo "2624"]
[Annotator ""]
[Source ""]
[Remark ""]

1.d4 Nf6 2.c4 g6 3.Nc3 d5 4.e3 Bg7 5.Qb3 e6 6.Qa3 c6 7.Nf3 Nbd7
8.Bd3 dxc4 9.Bxc4 b5 10.Be2 a5 11.Qb3 O-O 12.O-O Ba6 13.e4 b4
14.Bxa6 Rxa6 15.Na4 Qb8 16.e5 Nd5 17.Ng5 c5 18.Qd3 Rc6 19.Qh3
h6 20.Nf3 h5 21.Bd2 Rfc8 22.Rad1 Qb5 23.b3 c4 24.Ng5 c3 25.Qf3
f6 26.exf6 N5xf6 27.Bc1 Qf5 28.Qe2 Nd5 29.g3 Nc7 30.h3 Nb5 31.d5
c2 32.dxc6 cxd1Q 33.Rxd1 Nd4 34.Qe3 Rxc6 35.Bb2 Qxg5 36.Qxg5
Nf3+ 37.Kg2 Nxg5 38.Bxg7 Kxg7 39.Rxd7+ Kf6 40.h4 Ne4 41.Kf3 Nc3
42.Ra7 Nxa4 43.bxa4 Rc5 44.Kf4 Rc2 45.Ke3 Rxa2 46.Rxa5 e5 47.Ra8
Kf5 48.a5 Ra3+ 49.Ke2 Ke4 50.Rb8 Ra2+ 51.Kf1 Kf3 52.Rf8+ Ke4
53.Rb8 Rxa5 1/2-1/2

[Event "Junior's U20 RUS Chmp. 2009"]
[Site "Dagomys"]
[Date "2009.05.01"]
[Round "3"]
[White "Lintchevski, Daniil"]
[Black "Sjugirov, Sanan"]
[Result "0-1"]
[WhiteElo "2485"]
[BlackElo "2588"]
[Annotator ""]
[Source ""]
[Remark ""]

1.e4 c5 2.Nf3 d6 3.d4 cxd4 4.Nxd4 Nf6 5.Nc3 a6 6.h3 e6 7.g4 b5
8.Bg2 Bb7 9.O-O Qc7 10.Re1 Be7 11.g5 Nfd7 12.f4 g6 13.f5 b4 14.f6
bxc3 15.fxe7 Ne5 16.bxc3 Qxe7 17.Rb1 O-O 18.Ba3 Nc4 19.Rxb7 Qxb7
20.Bxd6 Nxd6 21.e5 Qb6 22.Bxa8 Nb5 23.Kg2 Rd8 24.Qf3 Nxd4 25.cxd4
Qxd4 26.Rf1 Rf8 27.Qf4 Qc5 28.Rd1 Nc6 29.Bxc6 Qxc2+ 30.Rd2 Qxc6+
31.Kh2 a5 32.h4 a4 33.h5 gxh5 34.Kg3 Qh1 35.Rh2 Qg1+ 36.Rg2 Qd1
37.Rd2 Qe1+ 38.Rf2 a3 39.Kh4 Qd1 40.Rf3 Qe1+ 41.Rf2 Qh1+ 42.Rh2
Qd1 43.Rg2 Rd8 44.g6 hxg6 45.Kg5 Rd4 0-1

[Event "Junior's U20 RUS Chmp. 2009"]
[Site "Dagomys"]
[Date "2009.05.02"]
[Round "4"]
[White "Lintchevski, Daniil"]
[Black "Rakhmanov, Aleksandr"]
[Result "1/2-1/2"]
[WhiteElo "2485"]
[BlackElo "2543"]
[Annotator ""]
[Source ""]
[Remark ""]

1.e4 e5 2.Nf3 Nf6 3.Nxe5 d6 4.Nf3 Nxe4 5.d3 Nf6 6.d4 g6 7.Bg5
Bg7 8.Qe2+ Qe7 9.Qxe7+ Kxe7 10.Nc3 Re8 11.O-O-O Kf8 12.h3 a6
13.Bd3 Nc6 14.Rhe1 Rxe1 15.Rxe1 Be6 16.a3 Re8 17.Nd1 Bd5 18.Bxf6
Bxf6 19.Rxe8+ Kxe8 20.c3 Bxf3 21.gxf3 Bg5+ 22.Ne3 Bh4 23.Nd1
Ne7 24.Kd2 c6 25.Bc4 d5 26.Bd3 Bg5+ 27.Ne3 Ng8 28.Kd1 Nf6 29.Ng2
Nh5 30.a4 a5 31.b3 Ke7 32.Ke2 Bc1 33.Kd1 Bg5 34.Ke2 Kd6 35.Kd1
Ke6 36.Ke2 Bh6 37.Kd1 Kf6 38.Bf1 Nf4 39.Nxf4 Bxf4 40.c4 Kg5 41.cxd5
cxd5 42.Bg2 b6 43.Ke2 f5 44.Kd3 Kf6 45.Bf1 Kg5 46.Bg2 Kh4 47.Bf1
Bd6 48.Bg2 f4 49.Bf1 Bb4 50.Bg2 Be1 51.Ke2 Bc3 52.Kd3 Bb2 53.Bf1
h5 54.Bg2 g5 55.Bf1 g4 56.fxg4 hxg4 57.hxg4 Kxg4 58.Be2+ f3 59.Bd1
Kf4 60.b4 axb4 61.Bb3 Bc3 62.Bxd5 Be1 63.Kc4 Bxf2 64.Kxb4 Bxd4
65.Bxf3 Kxf3 66.a5 bxa5+ 67.Kxa5 1/2-1/2

[Event "Junior's U20 RUS Chmp. 2009"]
[Site "Dagomys"]
[Date "2009.05.02"]
[Round "4"]
[White "Sjugirov, Sanan"]
[Black "Popov, Ivan"]
[Result "1/2-1/2"]
[WhiteElo "2588"]
[BlackElo "2568"]
[Annotator ""]
[Source ""]
[Remark ""]

1.e4 e5 2.Nf3 Nc6 3.Bb5 a6 4.Ba4 Nf6 5.O-O Be7 6.Re1 b5 7.Bb3
d6 8.c3 O-O 9.h3 Nb8 10.d4 Nbd7 11.Nbd2 Bb7 12.Bc2 Re8 13.Nf1
Bf8 14.Ng3 g6 15.b3 d5 16.Bg5 h6 17.Bh4 g5 18.Nxg5 hxg5 19.Bxg5
exd4 20.e5 Rxe5 21.Rxe5 Nxe5 22.cxd4 Nc6 23.Qd3 Nb4 24.Qf3 Be7
25.Bf5 Qd6 26.Re1 Ne4 27.Bxe7 Qxe7 28.Nxe4 dxe4 29.Bxe4 Re8 30.Bh7+
Kf8 31.Rxe7 Bxf3 32.Rxe8+ Kxe8 33.gxf3 Nxa2 34.Kf1 a5 35.Bd3
c6 36.Ke1 Nb4 37.Be4 Nd5 38.Kd2 Kd7 39.f4 Ke6 40.h4 f5 41.Bf3
Nb4 42.Bh5 Kf6 43.Be8 a4 44.bxa4 bxa4 45.Kc3 a3 46.Kb3 a2 1/2-1/2

[Event "Junior's U20 RUS Chmp. 2009"]
[Site "Dagomys"]
[Date "2009.05.03"]
[Round "5"]
[White "Andreikin, Dmitry"]
[Black "Lintchevski, Daniil"]
[Result "1-0"]
[WhiteElo "2625"]
[BlackElo "2485"]
[Annotator ""]
[Source ""]
[Remark ""]

1.e4 c5 2.Nf3 Nc6 3.Bb5 d6 4.O-O Bd7 5.Re1 Nf6 6.c3 a6 7.Bf1
Bg4 8.d3 e6 9.Nbd2 Nd7 10.h3 Bh5 11.Nc4 b5 12.Ne3 Be7 13.g4 Bg6
14.Nf5 O-O 15.Nxe7+ Qxe7 16.Bf4 Nb6 17.Bg3 f6 18.d4 cxd4 19.Nxd4
Rac8 20.Nf5 exf5 21.exf5 1-0

[Event "Junior's U20 RUS Chmp. 2009"]
[Site "Dagomys"]
[Date "2009.05.03"]
[Round "5"]
[White "Popov, Ivan"]
[Black "Nepomniachtchi, Ian"]
[Result "1/2-1/2"]
[WhiteElo "2568"]
[BlackElo "2624"]
[Annotator ""]
[Source ""]
[Remark ""]

1.e4 c5 2.Nf3 d6 3.d4 cxd4 4.Nxd4 Nf6 5.Nc3 a6 6.g3 g6 7.Bg2
Bg7 8.O-O O-O 9.Re1 Bg4 10.Nde2 Nc6 11.h3 Be6 12.Nf4 Rc8 13.Nxe6
fxe6 14.h4 Qb6 15.Bh3 Nd8 16.Re3 Bh6 17.f4 Rxc3 18.bxc3 e5 19.Kg2
Qc6 20.Qf3 exf4 21.Re1 e5 22.Bd2 Qa4 23.Qd3 d5 24.gxf4 dxe4 25.Qd6
exf4 26.Bxf4 Qxc2+ 27.Kg1 Bxf4 28.Qxf4 Nh5 29.Qe3 Rf3 30.Qd4
Nc6 31.Qc4+ Kg7 32.Re2 Qxc3 33.Qxc3+ Rxc3 34.Bg2 Ng3 35.Rb2 b5
36.Re1 Ne5 37.Bxe4 Nf5 38.Rb3 Rxb3 39.axb3 Nd4 40.Ra1 Nxb3 41.Rxa6
Nd2 42.Bd5 Ndf3+ 43.Kf2 Nxh4 44.Ra7+ Kh6 45.Bg8 b4 46.Rxh7+ Kg5
47.Rb7 Nf5 48.Kg1 Nf3+ 1/2-1/2

[Event "Junior's U20 RUS Chmp. 2009"]
[Site "Dagomys"]
[Date "2009.05.05"]
[Round "6"]
[White "Sjugirov, Sanan"]
[Black "Rakhmanov, Aleksandr"]
[Result "1-0"]
[WhiteElo "2588"]
[BlackElo "2543"]
[Annotator ""]
[Source ""]
[Remark ""]

1.e4 e5 2.Nf3 Nf6 3.Nxe5 d6 4.Nf3 Nxe4 5.Nc3 Nxc3 6.dxc3 Be7
7.Bf4 Nc6 8.Qd2 Be6 9.O-O-O Qd7 10.Ng5 Bxg5 11.Bxg5 f6 12.Be3
O-O-O 13.Be2 Bg4 14.f3 Qe6 15.fxg4 Rde8 16.g5 fxg5 17.Rde1 Qxa2
18.Qd3 Ne5 19.Qb5 1-0

[Event "Junior's U20 RUS Chmp. 2009"]
[Site "Dagomys"]
[Date "2009.05.05"]
[Round "6"]
[White "Lintchevski, Daniil"]
[Black "Andreikin, Dmitry"]
[Result "0-1"]
[WhiteElo "2485"]
[BlackElo "2625"]
[Annotator ""]
[Source ""]
[Remark ""]

1.e4 c5 2.Nf3 Nc6 3.d4 cxd4 4.Nxd4 Qb6 5.Nb3 Nf6 6.Nc3 e6 7.g3
Bb4 8.Bg2 Qa6 9.Bf1 Qa4 10.Bd3 Nxe4 11.Qg4 Nxc3 12.Qxg7 Nxa2+
13.c3 Rf8 14.cxb4 Qxb4+ 15.Bd2 Qxb3 16.Bh6 Qb4+ 17.Kd1 b6 18.Qxf8+
Qxf8 19.Bxf8 Kxf8 20.Rxa2 a5 21.Re1 f5 22.Ra3 Bb7 23.Bf1 Nb4
24.Kd2 Ke7 25.Rc1 Bd5 26.Bc4 Bc6 27.Be2 e5 28.f4 e4 29.Ke3 Rf8
30.Bc4 Rf6 31.Kd4 Rd6+ 32.Ke5 Nd3+ 33.Bxd3 0-1

[Event "Junior's U20 RUS Chmp. 2009"]
[Site "Dagomys"]
[Date "2009.05.05"]
[Round "6"]
[White "Nepomniachtchi, Ian"]
[Black "Popov, Ivan"]
[Result "1-0"]
[WhiteElo "2624"]
[BlackElo "2568"]
[Annotator ""]
[Source ""]
[Remark ""]

1.e4 c5 2.Nf3 Nc6 3.d4 cxd4 4.Nxd4 Nf6 5.Nc3 d6 6.Bc4 e6 7.Be3
a6 8.Qe2 Qc7 9.O-O-O Be7 10.Bb3 Na5 11.g4 b5 12.g5 Nxb3+ 13.axb3
Nd7 14.Nf5 exf5 15.Nd5 Qd8 16.exf5 Bb7 17.f6 gxf6 18.Rhe1 Bxd5
19.Rxd5 Rg8 20.Bf4 Kf8 21.Bxd6 Bxd6 22.Rxd6 Rxg5 23.Qd2 Ra7 24.Rd1
Qb8 25.h4 Rg2 26.Kb1 Qc7 27.h5 Kg8 28.h6 Rg6 29.Re1 Qd8 30.Qe3
Qf8 31.Red1 Rc7 32.Rxd7 Rxd7 33.Rxd7 Rxh6 34.Ka2 Kg7 35.Qa7 Rg6
36.c4 bxc4 37.bxc4 Qb4 38.Qxa6 Rg4 39.Rd3 Rxc4 40.Rg3+ Rg4 41.Qd3
Qa5+ 42.Kb1 Qe1+ 43.Ka2 Qe6+ 44.b3 h5 45.Re3 Qc8 46.Kb2 h4 47.Re1
Qc5 48.Qe3 Qf5 49.Rh1 Rg2 50.Rxh4 Rxf2+ 51.Ka3 Qa5+ 52.Ra4 Qf5
53.Qg3+ Kf8 54.Ra8+ Ke7 55.Qc7+ Qd7 56.Qc5+ 1-0

[Event "Junior's U20 RUS Chmp. 2009"]
[Site "Dagomys"]
[Date "2009.05.06"]
[Round "7"]
[White "Popov, Ivan"]
[Black "Lintchevski, Daniil"]
[Result "1-0"]
[WhiteElo "2568"]
[BlackElo "2485"]
[Annotator ""]
[Source ""]
[Remark ""]

1.e4 c5 2.Nf3 g6 3.d4 cxd4 4.Nxd4 Nc6 5.Nc3 Bg7 6.Be3 Nf6 7.Bc4
O-O 8.Bb3 Qa5 9.O-O d6 10.h3 Bd7 11.f4 Nh5 12.Nde2 Nf6 13.g4
Bxg4 14.hxg4 Nxg4 15.Qd2 Qh5 16.Ng3 Qh3 17.Rf3 Nxe3 18.Rxe3 Bd4
19.Nce2 Bxe3+ 20.Qxe3 Na5 21.Kf2 Nxb3 22.axb3 Qc8 23.Rh1 Qxc2
24.Nf5 Rfe8 25.Nfd4 Qc7 26.f5 e5 27.Qh6 f6 28.fxg6 exd4 29.gxh7+ 1-0

[Event "Junior's U20 RUS Chmp. 2009"]
[Site "Dagomys"]
[Date "2009.05.06"]
[Round "7"]
[White "Andreikin, Dmitry"]
[Black "Rakhmanov, Aleksandr"]
[Result "1-0"]
[WhiteElo "2625"]
[BlackElo "2543"]
[Annotator ""]
[Source ""]
[Remark ""]

1.e4 e5 2.Nf3 Nf6 3.Nxe5 d6 4.Nf3 Nxe4 5.d4 d5 6.Bd3 Nc6 7.O-O
Be7 8.Re1 Bg4 9.c3 f5 10.Qb3 O-O 11.Nbd2 Na5 12.Qa4 Nc6 13.Qb3
Na5 14.Qc2 Nc6 15.b4 a6 16.a4 Bd6 17.Ba3 Kh8 18.Qb2 Qe7 19.b5
Bxa3 20.Rxa3 axb5 21.Bxb5 Bxf3 22.Nxf3 Nd8 23.Bd3 Nf7 24.c4 dxc4
25.Bxc4 Nfd6 26.Ba2 g6 27.Ne5 Qg7 28.f3 Nf6 29.Nc4 Nxc4 30.Bxc4
Rae8 31.Rae3 Rxe3 32.Rxe3 Re8 33.Re5 Qd7 34.a5 Qd6 35.Kf1 Rd8
36.Qxb7 Nd7 37.Rd5 Qxh2 38.Rxd7 Qh1+ 39.Ke2 Re8+ 40.Kd2 Qxg2+
41.Kc3 Qf2 42.Qxc7 Qe1+ 43.Kc2 Qf2+ 44.Kb3 1-0

[Event "Junior's U20 RUS Chmp. 2009"]
[Site "Dagomys"]
[Date "2009.05.07"]
[Round "8"]
[White "Lintchevski, Daniil"]
[Black "Nepomniachtchi, Ian"]
[Result "0-1"]
[WhiteElo "2485"]
[BlackElo "2624"]
[Annotator ""]
[Source ""]
[Remark ""]

1.e4 c5 2.Nf3 d6 3.d4 cxd4 4.Nxd4 Nf6 5.Nc3 a6 6.h3 e5 7.Nde2
h5 8.g3 Nbd7 9.Bg2 b5 10.O-O Bb7 11.a4 b4 12.Nd5 Nxd5 13.exd5
a5 14.c3 bxc3 15.Nxc3 Ba6 16.Re1 Be7 17.Nb5 h4 18.Be3 O-O 19.Bf1
hxg3 20.fxg3 Bg5 21.Bf2 Bxb5 22.axb5 f5 23.h4 Bh6 24.Bh3 e4 25.Bd4
Ne5 26.Ra3 Rb8 27.Rf1 g6 28.h5 Rxb5 29.hxg6 Qg5 30.Bxe5 dxe5
31.Qa4 Rb6 32.Qd7 Rxg6 33.Bxf5 e3 34.Rf3 e2 35.Ra1 Qd2 36.Bxg6
Be3+ 37.Kh2 e1N+ 38.Kh3 Qg2+ 39.Kh4 Nxf3+ 40.Kh5 0-1

[Event "Junior's U20 RUS Chmp. 2009"]
[Site "Dagomys"]
[Date "2009.05.07"]
[Round "8"]
[White "Rakhmanov, Aleksandr"]
[Black "Popov, Ivan"]
[Result "0-1"]
[WhiteElo "2543"]
[BlackElo "2568"]
[Annotator ""]
[Source ""]
[Remark ""]

1.d4 Nf6 2.c4 e6 3.Nc3 Bb4 4.e3 b6 5.Qf3 Nc6 6.Bd3 Ba6 7.Bd2
O-O 8.Qe2 Re8 9.a3 Bxc3 10.Bxc3 e5 11.dxe5 Nxe5 12.Bxe5 Rxe5
13.Nf3 Re8 14.O-O Bb7 15.Rac1 Qe7 16.Rfd1 a5 17.Nd4 a4 18.Nb5
d6 19.Re1 Qd8 20.f3 Nd7 21.Qc2 g6 22.Nc3 Nc5 23.Nd5 f5 24.Qc3
Bxd5 25.cxd5 Qd7 26.Rcd1 Re5 27.Bf1 Rae8 28.Kf2 g5 29.Qb4 Qg7
30.Bb5 R8e7 31.Re2 Qh6 32.Rh1 Rxd5 33.Qc4 Qe6 34.h4 Nd3+ 35.Kg1
Ne5 36.Qxa4 c6 37.Bxc6 Ra5 38.Qd1 Nxc6 39.hxg5 Rd5 40.Qb3 Re5
41.Qa4 Rxe3 42.Rh6 Qe5 43.Rxe3 Qxe3+ 44.Kh2 Nd4 45.Qa8+ Kg7 46.Qd5
Qf4+ 47.g3 Nxf3+ 48.Kg2 Re2+ 49.Kf1 Re1+ 0-1

[Event "Junior's U20 RUS Chmp. 2009"]
[Site "Dagomys"]
[Date "2009.05.08"]
[Round "9"]
[White "Popov, Ivan"]
[Black "Andreikin, Dmitry"]
[Result "1/2-1/2"]
[WhiteElo "2568"]
[BlackElo "2625"]
[Annotator ""]
[Source ""]
[Remark ""]

1.d4 Nf6 2.c4 e6 3.Nc3 Bb4 4.e3 b6 5.Nge2 Bb7 6.a3 Be7 7.d5 O-O
8.g3 b5 9.b3 bxc4 10.bxc4 Na6 11.Bg2 Nc5 12.e4 Ba6 13.O-O Bxc4
14.e5 Nxd5 15.Nxd5 exd5 16.Bxd5 Bxd5 17.Qxd5 c6 18.Qc4 d5 19.exd6
Qxd6 20.Be3 Qd5 21.Rac1 Ne6 22.Qxc6 Qxc6 23.Rxc6 Bxa3 1/2-1/2

[Event "Junior's U20 RUS Chmp. 2009"]
[Site "Dagomys"]
[Date "2009.05.08"]
[Round "9"]
[White "Nepomniachtchi, Ian"]
[Black "Rakhmanov, Aleksandr"]
[Result "1-0"]
[WhiteElo "2624"]
[BlackElo "2543"]
[Annotator ""]
[Source ""]
[Remark ""]

1.e4 e5 2.Nf3 Nf6 3.d4 Nxe4 4.dxe5 d5 5.Nbd2 Nxd2 6.Bxd2 c5 7.c4
Nc6 8.Bd3 Be7 9.h3 Be6 10.Qc2 dxc4 11.Bxc4 Bxc4 12.Qxc4 Qd7 13.Qg4
O-O-O 14.Bc3 Qxg4 15.hxg4 b5 16.b3 h6 17.Rd1 a5 18.a4 Rxd1+ 19.Kxd1
Rd8+ 20.Ke2 b4 21.Bb2 c4 22.bxc4 Bc5 23.Rh5 Bd4 24.Nxd4 Nxd4+
25.Ke3 Nb3 26.e6 fxe6 27.Bxg7 Rg8 28.g5 hxg5 29.Rxg5 Kd7 30.f4
Rc8 31.Be5 Rxc4 32.Rg7+ Kd8 33.Ra7 Rc2 34.g4 Nd2 35.Kd3 b3 36.Rb7
Ra2 37.Bc3 Kc8 38.Rb5 Nf3 39.Rxa5 Nh4 40.Rc5+ Kd7 41.a5 Ng2 42.f5
Nf4+ 43.Kc4 b2 44.Rb5 Ra4+ 45.Kc5 Nd3+ 46.Kb6 Rxg4 47.f6 Rc4
48.Bxb2 e5 49.f7 Ke7 50.a6 Ra4 51.Bxe5 Kxf7 52.a7 Nb4 53.Kb7 1-0

[Event "Junior's U20 RUS Chmp. 2009"]
[Site "Dagomys"]
[Date "2009.05.08"]
[Round "9"]
[White "Sjugirov, Sanan"]
[Black "Lintchevski, Daniil"]
[Result "1/2-1/2"]
[WhiteElo "2588"]
[BlackElo "2485"]
[Annotator ""]
[Source ""]
[Remark ""]

1.e4 e5 2.Nf3 Nf6 3.Nxe5 d6 4.Nf3 Nxe4 5.Nc3 Nxc3 6.dxc3 Be7
7.Bf4 Nc6 8.Qd2 Be6 9.O-O-O Qd7 10.Ng5 Bxg5 11.Bxg5 f6 12.Be3
O-O-O 13.b3 Rhe8 14.f3 Bf5 15.Bf2 h5 16.Be2 Re7 17.Rhe1 Rde8
18.Kb2 a6 19.Bf1 Rxe1 20.Bxe1 Qe7 21.Bf2 Bg6 22.h3 Kb8 23.a3
Kc8 24.c4 Qe5+ 25.Qc3 Qxc3+ 26.Kxc3 Ne7 27.b4 Nf5 28.Bd3 Ne7
29.Bf1 Nf5 30.Kd2 Ne7 31.Rb1 Kd7 32.a4 Nc6 33.a5 Bf7 34.Kc3 Bg6
35.Ra1 Ra8 36.Rd1 Ne7 37.Rd2 Bf7 38.Bd3 Re8 39.Rd1 Bg6 40.Bf1
Nf5 41.Kd2 Ne7 42.Rb1 Ra8 43.Kc3 Bf7 44.Rd1 Bg6 45.Ra1 Nc6 46.Bg1
Bf5 47.Be3 Re8 48.Bf2 Ra8 49.g4 Bg6 50.Ra4 Bf7 51.Ra3 d5 52.Ra1
dxc4 53.Rd1+ Ke8 54.Bg3 Rd8 55.Rxd8+ Kxd8 56.Bxc4 Bxc4 57.Kxc4
hxg4 58.fxg4 g5 59.c3 Kd7 60.Kd5 Ne7+ 61.Ke4 c5 62.Bf2 cxb4 63.cxb4
Nc6 64.Kf5 Ke7 65.Be1 Kf7 66.Bc3 Ne7+ 67.Ke4 Ke6 68.Kd4 Nd5 69.Bd2
Kd6 70.Be1 Kc6 71.Ke4 Kd6 72.Kf5 Ke7 73.Bf2 Kf7 74.Bc5 Ne7+ 75.Ke4
Ke6 76.Be3 Nc6 77.Bd2 Ne5 78.Be1 Nc6 79.Bc3 Ne5 80.Bb2 Nc4 81.Bc1
Ne5 82.Kd4 Kd6 83.Bb2 Nc6+ 84.Ke4 Ke6 85.Ba3 Ne5 86.Kd4 Nf3+
87.Kc5 Kd7 88.Bb2 Ng1 89.Bxf6 Nxh3 90.Bd4 Nf4 91.Be3 Nd3+ 92.Kb6
Kc8 93.Bxg5 Ne5 1/2-1/2

[Event "Junior's U20 RUS Chmp. 2009"]
[Site "Dagomys"]
[Date "2009.05.09"]
[Round "10"]
[White "Popov, Ivan"]
[Black "Sjugirov, Sanan"]
[Result "1-0"]
[WhiteElo "2568"]
[BlackElo "2588"]
[Annotator ""]
[Source ""]
[Remark ""]

1.d4 d5 2.Nf3 Nf6 3.c4 e6 4.e3 Be7 5.Nc3 O-O 6.Bd3 b6 7.O-O Bb7
8.cxd5 exd5 9.Ne5 c5 10.f4 Nc6 11.Rf3 cxd4 12.Nxc6 Bxc6 13.exd4
Ne4 14.f5 Bf6 15.Be3 Qd7 16.g4 Rfe8 17.Kg2 Ng5 18.Bxg5 Bxg5 19.Ne2
Re7 20.Ng3 Rae8 21.f6 Bxf6 22.Rxf6 gxf6 23.Nh5 Qe6 24.Qf3 f5
25.g5 Qg6 26.Nf6+ Kh8 27.Qf4 Rg8 28.Nxg8 Kxg8 29.Bxf5 Qh5 30.Bg4
Qh4 31.Rf1 Be8 32.h3 Re4 33.Qf6 Re3 34.Qf4 Re4 35.Qd2 Rxg4+ 36.hxg4
Qxg4+ 37.Kh2 Qh4+ 38.Kg1 Qg4+ 39.Qg2 Qxd4+ 40.Rf2 Bd7 41.Qf3
Be6 42.Kg2 Qc4 43.b3 Qc5 44.Qf4 Qc3 45.Qg3 Qe1 46.Qb8+ Kg7 47.Qf4
Kg8 48.Qd4 Qc1 49.Qd2 Qb1 50.Kg3 Qe4 51.Qe2 Qd4 52.Qf3 Qe5+ 53.Qf4
Qc3+ 54.Rf3 Qe1+ 55.Kg2 Qe2+ 56.Rf2 Qe1 57.Qd4 Qc1 58.Kf3 Qh1+
59.Ke3 Qc1+ 60.Qd2 Qc5+ 61.Kd3 a5 62.Qf4 a4 63.b4 Qb5+ 64.Ke3
Qc6 65.Kd2 Qc8 66.a3 Qd8 67.Qe5 Qc8 68.Rf4 b5 69.Rf3 Qd8 70.Rc3
d4 71.Rd3 Qc8 72.Rxd4 Bf5 73.Qc5 Qe6 74.Rd8+ Kg7 75.Qf8+ 1-0